|
|
|
|
| LEADER |
01488nam a2200373Ia 4500 |
| 001 |
EBC3572058 |
| 003 |
MiAaPQ |
| 005 |
20200520144314.0 |
| 006 |
m o d | |
| 007 |
cr cn||||||||| |
| 008 |
111102s2003 ne sb 001 0 eng d |
| 020 |
|
|
|z 9789074134927
|
| 020 |
|
|
|z 9789086865093
|
| 035 |
|
|
|a (MiAaPQ)EBC3572058
|
| 035 |
|
|
|a (Au-PeEL)EBL3572058
|
| 035 |
|
|
|a (CaPaEBR)ebr10686801
|
| 035 |
|
|
|a (OCoLC)932327352
|
| 040 |
|
|
|a MiAaPQ
|c MiAaPQ
|d MiAaPQ
|
| 050 |
|
4 |
|a SF247
|b .A57 2003
|
| 111 |
2 |
|
|a ANPA-EAAP-CIHEAM-FAO Symposium
|d (2000 :
|c Hammamet, Tunisia)
|
| 245 |
1 |
0 |
|a Prospects for a sustainable dairy sector in the Mediterranean
|h [electronic resource] :
|b proceedings of the joint ANPA-EAAP-CIHEAM-FAO Symposium, Hammamet, Tunisia, 26-28 October 2000 /
|c editors, M. Djemali & M. Guellouz.
|
| 260 |
|
|
|a Wageningen :
|b Wageningen Academic,
|c 2003.
|
| 300 |
|
|
|a 440 p.
|
| 490 |
1 |
|
|a EAAP publication ;
|v 99
|
| 504 |
|
|
|a Includes bibliographical references and index.
|
| 533 |
|
|
|a Electronic reproduction. Ann Arbor, MI : ProQuest, 2016. Available via World Wide Web. Access may be limited to ProQuest affiliated libraries.
|
| 650 |
|
0 |
|a Dairy engineering.
|
| 650 |
|
0 |
|a Sustainable engineering.
|
| 655 |
|
4 |
|a Electronic books.
|
| 700 |
1 |
|
|a Djemali, M.
|
| 700 |
1 |
|
|a Guellouz, M.
|
| 710 |
2 |
|
|a ProQuest (Firm)
|
| 830 |
|
0 |
|a EAAP technical series ;
|v 99.
|
| 856 |
4 |
0 |
|u https://ebookcentral.proquest.com/lib/matrademy/detail.action?docID=3572058
|z Click to View
|